Présidents des États-Unis - mort subite - Statistiques

Statistiques générales
  • Ce quiz a été pris 4 272 fois
    1 573 depuis la dernière actualisation
  • Le résultat moyen est 15 sur 18
Answers on the Grid
Answers color-coded by a green-red scale on the quiz's grid according to % correct below.
Joe Biden
Donald Trump
Barack Obama
Bill Clinton
Hillary Clinton
Ronald Reagan
Jimmy Carter
Gerald Ford
Richard Nixon
John Fitzgerald Kennedy
Dwight Eisenhower
Harry Truman
Franklin Delano Roosevelt
Woodrow Wilson
Theodore Roosevelt
Mike Pence
Abraham Lincoln
Thomas Jefferson
George Washington
George W. Bush
John McCain
Barry Goldwater
Kamala Harris
Chris Evans
Al Gore
Dennis Rodman
Elon Musk
Tom Hanks
 
Statistiques - réponses
Réponse % Correct
Abraham Lincoln
92%
Donald Trump
92%
Barack Obama
91%
George Washington
90%
George W. Bush
90%
Joe Biden
89%
John Fitzgerald Kennedy
89%
Bill Clinton
87%
Ronald Reagan
85%
Franklin Delano Roosevelt
84%
Richard Nixon
84%
Theodore Roosevelt
84%
Thomas Jefferson
77%
Harry Truman
76%
Jimmy Carter
71%
Dwight Eisenhower
69%
Woodrow Wilson
59%
Gerald Ford
56%
Aucun quiz correspondant
Distribution des résultats
% des personnes avec chaque résultat
Percentile par nombre de réponses
Votre historique - résultats
Vous n’avez pas pris ce quiz depuis la dernière actualisation